[Event "Barcelona Sant Marti op 05th"]
[Site "Barcelona"]
[Date "2003.06.21"]
[Round "9.23"]
[White "Sanz Serrano, Alvar"]
[Black "Hernandez, Cristian"]
[Result "0-1"]
[WhiteElo "1925"]
[BlackElo "1770"]
[PlyCount "100"]
[EventDate "2003.04.26"]
[EventType "swiss"]
[EventRounds "9"]
[EventCountry "ESP"]
[SourceTitle "EXT 2004"]
[Source "ChessBase"]
[SourceDate "2003.11.25"]
[SourceVersion "1"]
[SourceVersionDate "2003.11.25"]
[SourceQuality "1"]

1. e4 c5 2. Nc3 Nc6 3. f4 g6 4. Nf3 Bg7 5. Bb5 d6 6. 0-0 a6 7. Bxc6+ bxc6 8. d3 e6 9. Qe1 Ne7 10. Qh4 0-0 11. Be3 f5 12. e5 Nd5 13. Qxd8 Rxd8 14. Bd2 a5 15. exd6 Nxc3 16. Bxc3 Bxc3 17. bxc3 c4 18. d4 Rxd6 19. Ne5 Ba6 20. Rab1 Bb5 21. Rb2 a4 22. a3 Kg7 23. Rb4 Kf6 24. Nxc4 Bxc4 25. Rxc4 Ra5 26. Rb1 c5 27. Kf2 h6 28. Ke3 Rc6 29. Kd3 Rd6 30. Ke2 Rc6 31. g3 Ke7 32. dxc5 Rcxc5 33. Rbb4 Rxc4 34. Rxc4 Kd6 35. Kd3 g5 36. Rb4 Rd5+ 37. Rd4 e5 38. fxe5+ Kxe5 39. Rxd5+ Kxd5 40. h4 f4 41. gxf4 gxh4 42. c4+ Kc5 43. f5 Kd6 44. Kd4 h3 45. c5+ Kc6 46. f6 h2 47. f7 h1Q 48. f8Q Qd5+ 49. Ke3 Qxc5+ 50. Qxc5+ Kxc5 0-1

[Event "Barcelona Sant Marti op 05th"]
[Site "Barcelona"]
[Date "2003.05.31"]
[Round "6.6"]
[White "Pujal Moncho, Joaquim"]
[Black "Sanz Serrano, Alvar"]
[Result "1-0"]
[WhiteElo "2040"]
[BlackElo "1925"]
[PlyCount "87"]
[EventDate "2003.04.26"]
[EventType "swiss"]
[EventRounds "9"]
[EventCountry "ESP"]
[SourceTitle "EXT 2004"]
[Source "ChessBase"]
[SourceDate "2003.11.25"]
[SourceVersion "1"]
[SourceVersionDate "2003.11.25"]
[SourceQuality "1"]

1. c4 e5 2. Nc3 Nc6 3. a3 a5 4. g3 Bc5 5. Bg2 Nf6 6. e3 d6 7. Nge2 0-0 8. 0-0 Bg4 9. d3 Qd7 10. Bd2 Rfe8 11. Re1 Rab8 12. Ne4 Nxe4 13. Bxe4 Bf5 14. Nc3 Bb6 15. Qh5 Bxe4 16. Nxe4 Re6 17. Qg4 Rf8 18. Nc3 f5 19. Qh3 f4 20. Nd5 fxg3 21. fxg3 Qe8 22. Rf1 Rxf1+ 23. Rxf1 Rh6 24. Qxh6 gxh6 25. Nf6+ Kf7 26. Nxe8+ Kxe8 27. Rf6 e4 28. d4 Nxd4 29. Kf2 Nf3 30. Ke2 Ne5 31. b3 a4 32. bxa4 Nxc4 33. Re6+ Kf7 34. Rxe4 Nxa3 35. Rh4 Kg6 36. Rg4+ Kf7 37. Kd3 d5 38. e4 c6 39. Bxh6 Nc4 40. Rg7+ Kf6 41. Rxb7 Bg1 42. exd5 cxd5 43. h3 Nb2+ 44. Rxb2 1-0

[Event "Barcelona Sant Marti op 04th"]
[Site "Barcelona"]
[Date "2002.05.11"]
[Round "6.19"]
[White "Domingo Mila, Roger"]
[Black "Sanz Serrano, Alvar"]
[Result "1-0"]
[WhiteElo "1885"]
[BlackElo "1860"]
[PlyCount "60"]
[EventDate "2002.04.06"]
[EventType "swiss"]
[EventRounds "9"]
[EventCountry "ESP"]
[SourceTitle "EXT 2003"]
[Source "ChessBase"]
[SourceDate "2002.11.25"]
[SourceVersion "1"]
[SourceVersionDate "2002.11.25"]
[SourceQuality "1"]

1. e4 e6 2. d4 d5 3. e5 c5 4. c3 Qb6 5. Nf3 Bd7 6. Nbd2 Bb5 7. Bxb5+ Qxb5 8. Nb3 b6 9. Qe2 Qxe2+ 10. Kxe2 c4 11. Nbd2 b5 12. b3 Nd7 13. Bb2 a5 14. a4 Rb8 15. Rhb1 bxa4 16. bxc4 Ne7 17. Rxa4 Nc6 18. c5 Be7 19. Bc1 0-0 20. Ra2 f6 21. exf6 Bxf6 22. Rab2 e5 23. Rxb8 Rxb8 24. Rxb8+ Ndxb8 25. Ke3 Nd7 26. Ba3 g5 27. h3 h5 28. g4 hxg4 29. hxg4 Kf7 30. Nf1 Ke8 1-0

[Event "Barcelona Sant Marti op 04th"]
[Site "Barcelona"]
[Date "2002.05.04"]
[Round "5.26"]
[White "Sanjoaquin Rodriguez, Mercedes"]
[Black "Sanz Serrano, Alvar"]
[Result "0-1"]
[WhiteElo "1790"]
[BlackElo "1860"]
[PlyCount "60"]
[EventDate "2002.04.06"]
[EventType "swiss"]
[EventRounds "9"]
[EventCountry "ESP"]
[SourceTitle "EXT 2003"]
[Source "ChessBase"]
[SourceDate "2002.11.25"]
[SourceVersion "1"]
[SourceVersionDate "2002.11.25"]
[SourceQuality "1"]

1. d4 Nf6 2. c4 c5 3. e3 e6 4. Nc3 cxd4 5. exd4 d5 6. Nf3 Nc6 7. cxd5 Nxd5 8. Bb5 Qb6 9. Nxd5 exd5 10. Qe2+ Be7 11. 0-0 Be6 12. Re1 0-0 13. Bxc6 bxc6 14. Ne5 Rac8 15. Nd7 Bxd7 16. Qxe7 Rfe8 17. Qxe8+ Rxe8 18. Be3 Bf5 19. b3 h6 20. h3 a5 21. Rac1 g5 22. g4 Bh7 23. Rc5 f5 24. Rec1 Re6 25. Bd2 a4 26. Ba5 Qa6 27. bxa4 fxg4 28. hxg4 Qe2 29. R5c3 Qxg4+ 30. Rg3 Qxd4 0-1

[Event "Barceloneta op"]
[Site "Barcelona"]
[Date "2001.10.06"]
[Round "2"]
[White "Sanz Serrano, Alvar"]
[Black "Andreu Tello, Jordi"]
[Result "0-1"]
[WhiteElo "1795"]
[BlackElo "2030"]
[PlyCount "52"]
[EventDate "2001.09.29"]
[EventType "swiss"]
[EventRounds "9"]
[EventCountry "ESP"]
[SourceTitle "CBM 085 Extra"]
[Source "ChessBase"]
[SourceDate "2002.01.21"]
[SourceVersion "1"]
[SourceVersionDate "2002.01.21"]
[SourceQuality "1"]

1. e4 c5 2. c3 d5 3. exd5 Qxd5 4. d4 Nc6 5. Nf3 Bg4 6. Be2 e6 7. 0-0 Nf6 8. Re1 Rd8 9. h3 Bh5 10. dxc5 Bxc5 11. Qxd5 Nxd5 12. Nbd2 Bg6 13. b4 Bb6 14. Bb2 0-0 15. a4 Nf4 16. Bc4 Bd3 17. Ba3 Rfe8 18. a5 Bc7 19. Re3 Ne7 20. Nd4 Bxc4 21. Nxc4 Ned5 22. Rf3 Nxc3 23. Rxc3 Rxd4 24. Rc2 Red8 25. Ne3 Bb8 26. Bb2 Rd2 0-1